00967nam a2200265 a 450000500170000000800410001702000180005804100080007610000290008424501190011325000110023226000540024330000240029750002020032165300100052365300240053365300240055765300120058165300120059365300110060565300110061665300110062765300290063870000340066720240506104427.0101001t2012||||mx a |||||||||||||spa d a9786077743736 aspa1 aGuzmán López, Santos aAnatomía humana en casos clínicos.bAprendizaje basado en el razonamiento clínico /cSantos Guzmán López a2a ed. aMéxico: bEditorial Medica Panamericana;c2012. a228 p.bil.c28 cm. aGuzmán López, S. y Elizondo-Omañan, R. E. (2012). Anatomía humana en casos clínicos. Aprendizaje basado en el razonamiento clínico. (2a ed.). México : Editorial Médica Panamericana. aDorso aExtremidad superior aExtremidad inferior aTórax aAbdomen aPelvis aCuello aCabeza aSistema nervioso central1 aElizondo-Omañan, Rodrigo E.